| 000 | 01499nam a2200181Ia 4500 | ||
|---|---|---|---|
| 999 |
_c7980 _d7980 |
||
| 005 | 20241024105026.0 | ||
| 008 | 230427s9999 xx 000 0 und d | ||
| 040 |
_aUPAN _cBiblioteca San Vicente _eRCAA2 |
||
| 041 | _aspa | ||
| 082 |
_a341.481 _bM454s _c1999 |
||
| 100 |
_aMelendez, Florentin _4aut. |
||
| 245 | 0 |
_aLa suspencion de los derechos fundamentales en los Estados de excepcion segun el Derecho Internacional de los Derechos Humanos./ _bFlorentìn Melendez |
|
| 260 |
_aEl Salvador: _bCriterio, _c1999 |
||
| 300 |
_a417 p.: _c24 cm. |
||
| 505 | _aIntroducciòn Capitulo I. Las facultades de suspensiòn o derogaciòn de los Derechos Fundamentales Capitulo II. Los Estados de excepcion Capitulo III. La protecciòn internacional de los Derechos Fundamentales en los Estados de excepcion Capitulo IV. Las facultades de suspension de los Derechos Fundamentales en los Sistemas de Protecciòn Internacional de los Derechos Humanos Capitulo V. Las facultades de suspension de los Derechos Fundamentales en los Sistemas de Protecciòn Internacional de los Derechos Humanos Capitulo VI. Las facultades de suspension de los Derechos Fundamentales en los Sistemas de Protecciòn Internacional de los Derechos Humanos Capitulo VII. La proteccion de los Derechos Fundamentales segun el Derecho Internacional Humanitario Capitulo VIII. Anàlsis comparativo de la protecciòn Internacional de los Derechos Fundamentales en los Estados de excepciòn | ||
| 650 |
_2LEMB _aDerecho |
||
| 942 |
_cBK _2ddc |
||